| 000 | 00884cam a2200205 4500 | ||
|---|---|---|---|
| 008 | 000000n2000 000 0 eng u | ||
| 035 | _a(Sirsi) u107951 | ||
| 245 | _aIndustry output stagnant | ||
| 260 | _c2000 | ||
| 490 |
_aConstruction News _v(6679) 17 August 2000, 3(1) |
||
| 520 | _aThe Construction Confederation Trends survey shows that output remained static in 2Q 2000, the first time this has occurred since 1996. However contractors remain confident about growth for the rest of the year. The Federation of Master Builders raise concerns over the increasing administration involved in running a business. | ||
| 590 | _aWB | ||
| 650 | _aCONSTRUCTION OUTPUT | ||
| 650 | _aFEDERATION OF MASTER BUILDERS | ||
| 650 | _aCONSTRUCTION CONFEDERATION | ||
| 650 | _aCONTRACTORS | ||
| 650 | _aADMINISTRATION | ||
| 690 | _aBUILT ENVIRONMENT-CONSTRUCTION MARKET | ||
| 942 | _n0 | ||
| 999 |
_c64486 _d64486 |
||